| 000 | 00522nam a2200181Ia 4500 | ||
|---|---|---|---|
| 008 | 090124s9999 xx 000 0 und d | ||
| 082 | _b126762 | ||
| 100 | _aराजाध्यक्ष विजया | ||
| 245 | _a दोनच रंग | ||
| 250 | _a0 | ||
| 260 | _c1985 | ||
| 300 | _a190 | ||
| 600 | _aराजाध्यक्ष विजया | ||
| 630 | _a दोनच रंग | ||
| 700 | _aराजाध्यक्ष विजया | ||
| 730 | _a दोनच रंग | ||
| 942 | _cBOOK | ||
| 999 |
_c172852 _d172852 |
||